Concreto: diseño elástico

সংরক্ষণ করুন:
গ্রন্থ-পঞ্জীর বিবরন
প্রধান লেখক: Castillo Zavala, Carlos (Author)
বিন্যাস: গ্রন্থ
ভাষা:স্প্যানিশ
প্রকাশিত: Mérida Universidad Autonoma de Yucatán 2000
বিষয়গুলি:
ট্যাগগুলো: ট্যাগ যুক্ত করুন
কোনো ট্যাগ নেই, প্রথমজন হিসাবে ট্যাগ করুন!

MARC

LEADER 00000nam a2200000 a 4500
001 UCH0879
003 CL-VaPUC
008 090402e20000000MX |||||||||||||||||spa|d
082 0 4 |a 624.183  |b CAS  |2 21 
100 0 |a Castillo Zavala, Carlos  |e author  |9 535252 
245 1 0 |a Concreto: diseño elástico 
300 |a 210 p 
942 |c BK 
945 |d 20090402 00:00:00  |a rbrito 
260 |a Mérida  |b Universidad Autonoma de Yucatán  |c 2000 
650 7 |a CEMENTO  |2 CL-VaPUC  |9 535253 
650 0 |a Hormigones  |9 262546 
650 7 |a HORMIGON ARMADO  |2 CL-VaPUC  |9 535254 
650 0 |a Elementos estructurales  |9 350100 
650 7 |a MOLDAJES  |2 CL-VaPUC  |9 479366 
650 0 |a Resistencia de materiales  |9 260095 
650 7 |a CONCRETO ARMADO  |2 CL-VaPUC  |9 413803 
583 |a last modification  |c 20160921 10:39:00  |k Rodrigo Vera 
999 |c 333075  |d 333073 
952 |0 0  |1 0  |4 0  |6 624_183000000000000_CAS_2000  |7 0  |8 A  |9 421226  |a BIBARQ  |b BIBARQ  |d 2019-11-22  |i 4529316  |o 624.183 CAS 2000  |p 4529316  |r 2025-01-20  |w 2019-11-22  |y BK  |k ARQ